Oeuvres où apparaissent des sorcières - Statistiques

Statistiques générales
  • Ce quiz a été pris 49 fois
    46 depuis la dernière actualisation
  • Le résultat moyen est 11 sur 20
Statistiques - réponses
Description Oeuvre % Correct
Helga Poufsouffle et Rowena Serdaigle font partie des4 fondateurs de Poudlard Harry Potter
100%
Ursula la sorcière pieuvre est responsable a échangéune voix à Ariel contre des jambes La Petite Sirène
100%
Heroine Disney à la chevelure blonde, qui a été élevée par sa mère adoptive, une sorcière qui l'a kidnappé Raiponce
85%
De son vrai nom Jadis, la Sorcière blanche est une ennemiedu lion Aslan Le Monde de Narnia
83%
La Reine-sorcière est l'antagoniste principal de ce Disney Blanche-Neige et les Sept nains
78%
Madame Mim y est l'ennemie la plus redoutable du pluscélèbre des magiciens Disney Merlin l'Enchanteur
71%
Cette série raconte l'histoire des soeurs Halliwell, des sorcières ayant hérité leurs pouvoirs de leurs ancêtres Charmed
66%
Dans cet univers, on peut vaincre la terrible MéchanteSorcière de l'Ouest avec de l'eau, qui la fait fondre Le Magicien d'Oz
66%
Sorcière blonde qui active ses pouvoirs en remuant sonnez, sous les yeux de son fidèle chat noir Sabrina, l'apprentie sorcière
66%
Meilleure amie d'une célèbre Tueuse de vampires,Willow Rosenberg apparaît dans tous les épisodes de cette série Buffy contre les vampires
59%
Personnage principal d'un film Ghibli qui raconte les aventures d'une jeune sorcière partie découvrir le monde Kiki la petite sorcière
54%
Soeur de Tortue Géniale dans ce manga, Baba la Voyantepossède une boule de cristal qui voit tout Dragon Ball
51%
Une sorcière habitant sur le Vésuve a pour but de volerle sous fétiche de ce riche canard Picsou
41%
Grièche, Griotte et Goulue, les Gardiennes du Chaudronmagique, apparaissent dans ce film Disney Taram et le Chaudron magique
41%
Le trio des soeurs Sanderson revient à la vie après avoirété réveillé par 2 adolescents le soir d'Halloween Hocus Pocus
29%
Personnage principal de cette série de jeux qui porte son nom,cette sorcière à lunettes se bat à l'aide de ses pistolets et à coup d'invocations d'invocations démoniaques Bayonetta
27%
Sorcière très puissante descendante des Bennett, Bonnie est une amie des personnages principaux de cette série Vampire Diaries
27%
Le principal antagoniste de cet univers a été élevé par 2 sorcières de son peuple, les Gerudo, du nom de Kotate et Koume The Legend of Zelda
24%
Un des principaux antagonistes de cette série centréesur des Meister et des armes voulant devenir Death Scythe est une sorcière nommée Medusa Soul Eater
12%
Employée d'un certain parc d'attractions, Gretchen y est une sorcière fille du diable Zombillénium
12%
Aucun quiz correspondant
Distribution des résultats
% des personnes avec chaque résultat
Percentile par nombre de réponses
Votre historique - résultats
Vous n’avez pas pris ce quiz depuis la dernière actualisation